Statistics for Municipalities of Okayama Prefecture

Click here to take the quiz!

General Stats

  • This quiz has been taken 39 times
  • The average score is 18 of 27

Answers on the Map

Answers color-coded by a green-red scale on the quiz's map according to % correct below.
 

Answer Stats

Answer% Correct
Okayama 岡山
100%
Kurashiki 倉敷
94%
Bizen 備前
88%
Tsuyama 津山
88%
Niimi 新見
82%
Takahashi 高梁
82%
Kasaoka 笠岡
71%
Soja 総社
71%
Tamano 玉野
71%
Hayashima 早島
65%
Mimasaka 美作
65%
Setouchi 瀬戸内
65%
Akaiwa 赤磐
59%
Ibara 井原
59%
Kibichuo 吉備中央
59%
Maniwa 真庭
59%
Nishiawakura 西粟倉
59%
Satosho 里庄
59%
Wake 和気
59%
Asakuchi 浅口
53%
Kagamino 鏡野
53%
Kumenan 久米南
53%
Misaki 美咲
53%
Nagi 奈義
53%
Shinjo 新庄
53%
Shoo 勝央
53%
Yakage 矢掛
53%

Score Distribution

Percentile by Number Answered

Percent of People with Each Score

Your Score History

You have not taken this quiz